All billboard #1 hits of 1981 - Statistics

General Stats
  • This quiz has been taken 86 times
  • The average score is 12 of 16
Answer Stats
Song Musical Act % Correct
9 to 5 Dolly Parton
91%
The Tide Is High Blondie
88%
Rapture Blondie
88%
Physical Olivia Newton-John
87%
Keep On Loving You REO Speedwagon
84%
Jessie's Girl Rick Springfield
84%
Kiss On My List Hall & Oates
79%
Private Eyes Hall & Oates
79%
Bette Davis Eyes Kim Carnes
79%
Celebration Kool & The Gang
78%
(Just Like) Starting Over John Lennon
75%
Morning Train (9 to 5) Sheena Easton
73%
Arthur's Theme (Best That You Can Do) Christopher Cross
72%
I Love A Rainy Night Eddie Rabbitt
51%
The One That You Love Air Supply
48%
Endless Love Diana Ross & Lionel Richie
22%
No matching quizzes found
Score Distribution
Percent of People with Each Score
Percentile by Number Answered
Your Score History
You have not taken this quiz